Afghanistan : a cultural and political history (Record no. 321252)
[ view plain ]
| 000 -LEADER | |
|---|---|
| fixed length control field | 00366 a2200133 4500 |
| 001 - CONTROL NUMBER | |
| control field | 86179 |
| 020 ## - INTERNATIONAL STANDARD BOOK NUMBER | |
| International Standard Book Number | 9780691145686 |
| 082 ## - DEWEY DECIMAL CLASSIFICATION NUMBER | |
| Classification number | 958.1 BAR |
| 090 ## - LOCALLY ASSIGNED LC-TYPE CALL NUMBER (OCLC); LOCAL CALL NUMBER (RLIN) | |
| -- | 40448 |
| -- | 40448 |
| 100 ## - MAIN ENTRY--PERSONAL NAME | |
| Personal name | Thomas J Barfield |
| 245 ## - TITLE STATEMENT | |
| Title | Afghanistan : a cultural and political history |
| Statement of responsibility, etc. | Thomas J Barfield |
| 260 ## - PUBLICATION, DISTRIBUTION, ETC. | |
| Place of publication, distribution, etc. | Princeto |
| Name of publisher, distributor, etc. | Princeton University Press |
| Date of publication, distribution, etc. | 2010 |
| 300 ## - PHYSICAL DESCRIPTION | |
| Extent | xi, 389 p. |
| 942 ## - ADDED ENTRY ELEMENTS (KOHA) | |
| Institution code [OBSOLETE] | caenust |
| Call number prefix | 958.1 BAR |
| Withdrawn status | Lost status | Damaged status | Not for loan | Collection code | Permanent Location | Current Location | Date acquired | Total Checkouts | Full call number | Barcode | Date last seen | Price effective from | Koha item type |
|---|---|---|---|---|---|---|---|---|---|---|---|---|---|
| College of Aeronautical Engineering (CAE) | College of Aeronautical Engineering (CAE) | 04/03/2017 | 958.1 BAR | CAE85093 | 04/05/2017 | 04/05/2017 | Book |
